Trí tuệ của người xưa
v.v...
Đã lưu trong:
| Tác giả chính: | |
|---|---|
| Định dạng: | Sách |
| Năm xuất bản: |
Hải Phòng
Nxb Hải Phòng
1996
|
| Chủ đề: | |
| Tags: |
Thêm thẻ
Không có thẻ, Hãy là người đầu tiên gắn thẻ bản ghi này!
|
| LEADER | 00987nam a2200205 4500 | ||
|---|---|---|---|
| 082 | |a 895.1 |b D561TH | ||
| 100 | |a Dương Thu Ái | ||
| 245 | |a Trí tuệ của người xưa |c Dương Thu Ái | ||
| 260 | |a Hải Phòng |b Nxb Hải Phòng |c 1996 | ||
| 300 | |a 264 tr. |c 19 cm. | ||
| 500 | |a Đầu trang tên sách phụ ghi: Kho tàng truyện trí tuệ nhân loại | ||
| 520 | |a v.v... | ||
| 653 | |a Văn học cổ đại | ||
| 653 | |a Trung Quốc | ||
| 653 | |a Truyện | ||
| 942 | |2 ddc |c STK0 | ||
| 999 | |c 4610 |d 4610 | ||
| 952 | |0 0 |1 0 |2 ddc |4 0 |6 895_100000000000000_D561TH |7 0 |8 800 |9 44262 |a qbu |b qbu |c D5 |d 2014-12-19 |g 20000 |l 1 |o 895.1 D561TH |p 679.c1 |r 2016-10-17 |s 2016-09-27 |w 2014-12-19 |y STK0 | ||
| 952 | |0 0 |1 0 |2 ddc |4 0 |6 895_100000000000000_D561TH |7 0 |8 800 |9 44263 |a qbu |b qbu |c D5 |d 2014-12-19 |g 20000 |o 895.1 D561TH |p 679.c2 |r 0000-00-00 |w 2014-12-19 |y STK0 | ||
| 952 | |0 0 |1 0 |2 ddc |4 0 |6 895_100000000000000_D561TH |7 0 |8 800 |9 44264 |a qbu |b qbu |c D5 |d 2014-12-19 |g 20000 |o 895.1 D561TH |p 679.c3 |r 0000-00-00 |w 2014-12-19 |y STK0 | ||